000 00421pab a2200157 454500
008 180718b1968 xxu||||| |||| 00| 0 eng d
100 _aSundaram, V.
245 _aLand acquisition and programme evaluation and review technique (PERT)
260 _c1968
300 _ap.931-942.
362 _aOct-Dec
650 _aLand tenure
773 _aIndian Journal of Public Administration
908 _aN
909 _a100163
999 _c100162
_d100162